• 首页
  • 本馆介绍
  • 公告通知
  • 最新文献
  • 馆藏检索
  • 电子资源
  • 读者导购
  • 参考咨询
  • 我的图书馆
  • 登录
  • 详细信息显示
  • 放入我的书架
  • 预约/预借图书
  • 作者相关作品
  • 分类相关作品
  • 丛书相关作品
  • 出版社相关作品

书目信息

  • 表格格式
  • 工作单格式
  • 卡片格式
题名:
几种主要作物的光合作用和产量形成
    
 
作者: 村田吉男 著 ;郑丕尧 译
分册:  
出版信息: 北京   农业出版社  1978
页数: 56页
开本: 19cm
丛书名:
单 册:
中图分类: S311
科图分类:
主题词: 作物-光合作用-关系-产量 , 光合作用-作物-关系-产量
电子资源:
ISBN:
000 00735nam0 2200241 45
001 0178000241
005 20060810110629.60
010    @dCNY0.18
091    @a16144.1824
100    @a19950803d1978 em y0chiy0121 ea
101 1  @achi@cjpn
102    @aCN@b110000
105    @ay z 000yy
200 10 @a几种主要作物的光合作用和产量形成@Aji zhong zhu yao zuo wu de guang he zuo yong he chan liang xing cheng@f(日)村田吉男著@g郑丕尧译
210    @a北京@c农业出版社@d1978
215    @a56页@d19cm
606    @a作物-光合作用-关系-产量
606    @a光合作用-作物-关系-产量
690    @aS311@v3
701  0 @a村田吉男@Acun tian ji nan@4著
702  0 @a郑丕尧@Azheng pi yao@4译
801  0 @aCN@bTSSF@c20060810
905    @a10447@dS311@e24
    
    几种主要作物的光合作用和产量形成/(日)村田吉男著/郑丕尧译.-北京:农业出版社,1978
    56页;19cm
    
    
    ISBN :CNY0.18
    
●
相关链接 在E读中查询图书 在五车中查询图书 在当当中查询图书 在豆瓣中查询图书


正题名:几种主要作物的光合作用和产量形成     索取号:S311/24         预约/预借

序号 登录号 条形码 馆藏地/架位号 状态 备注
1 0452134   204521348   密集书库/ [索取号:S311/24] 在馆    
唐山师范学院图书馆 欢迎您!
大连网信软件有限公司© 版权所有